000 00354nam a2200157Ia 4500
100 _aWang-Hui-Nan
650 _aGPS navigation
942 _cRB
366 _f25
654 _aGPS
245 _aGPS Navigation:Principles and applications
260 _bAlpha science intl.
_c2013
082 _a621.3825
_bWAN
300 _a312
546 _aENGLISH
_cTTL
999 _c35029
_d35029